00710 2200193 4500245007400000020001800074250001100092100002100103700002600124650002800150650000900178005001900187260002700206041001400233084001100247300002500258500022400283336000900507 aAnalisis Jalur untuk Riset Bisnis dengan SPSScJonathan SarwonohText a979-763-689-X aCet. 1 aJonathan Sarwono aAgnes Heni Triyuliana aRiset Penelitian Bisnis aSPSS a20240508085357 aYogyakartabANDIc2007 aIndonesia a650.07 ax, 326 hlm. :c23 cm aBuku ini membahas analisis jalur dengan menggunakan perangkat lunak komputasi seperti SPSS. Selain konsep,buku ini juga menyajikan beberapa aplikasi dibidang bisnis ,yaitu riset pemasaran,keuangan, SDM dan kewirausahaan atext